000 00201nam a22000977a 4500
020 _a978-93-5103-789-7
082 _a823
_bSCH/C
245 _aWHO IS SLEEPING
650 _aENGLISH SHORT STORY
942 _cBK
999 _c3255
_d3255